000 00482cam a22001695i 4500
008 210513s2021 pau 000 0 eng
020 _a9780323698252
050 _aRD139
_b.S62
100 1 _aDavis, Peter J.
245 1 0 _aSmith's anesthesia for infants and children /
_cPeter J. Davis, Franklyn P. Cladis.
250 _a10.
260 _aPhiladelpia
_bElsevier Ltd
_c2022
300 _apages cm
650 _aPediatric Anessthesia
700 1 _aCladis, Franklyn P.,
942 _cBK
999 _c2411
_d2411